Miễn dịch học
Spremljeno u:
| Glavni autor: | |
|---|---|
| Format: | Knjiga |
| Izdano: |
H.
Đại học quốc gia Hà Nội
2001
|
| Teme: | |
| Oznake: |
Dodaj oznaku
Bez oznaka, Budi prvi tko označuje ovaj zapis!
|
| Thư viện lưu trữ: | Trung tâm Học liệu Lê Vũ Hùng, Trường Đại học Đồng Tháp |
|---|
| LEADER | 00754pam a22002418a 4500 | ||
|---|---|---|---|
| 001 | 00039381 | ||
| 005 | 20171109111128.0 | ||
| 008 | 170518s2001 ||||||Viesd | ||
| 041 | 0 | # | |a Vie |
| 082 | 1 | 4 | |a 571.9 |b M305D |
| 100 | 1 | # | |a Phạm, Văn Ty |
| 245 | 1 | 0 | |a Miễn dịch học |c Phạm Văn Ty |
| 260 | # | # | |a H. |b Đại học quốc gia Hà Nội |c 2001 |
| 300 | # | # | |a 177 tr. |b 29cm |
| 500 | # | # | |a ĐTTS ghi: Đại học Quốc gia Hà Nội |
| 653 | # | # | |a Bệnh |
| 653 | # | # | |a Kháng thể |
| 653 | # | # | |a Miễn dịch |
| 653 | # | # | |a Tác nhân |
| 852 | # | # | |b Kho đọc |j KD.0020218 |
| 852 | # | # | |j KD.0020218 |j KM.0023521 |
| 910 | |d 18/05/2017 | ||
| 980 | # | # | |a Trung tâm Học liệu Lê Vũ Hùng, Trường Đại học Đồng Tháp |